| 000 | 00575nam a22002057a 4500 | ||
|---|---|---|---|
| 003 | BUBTL | ||
| 008 | 240728b ||||| |||| 00| 0 eng d | ||
| 041 | _aEnglish | ||
| 082 | _a341.23/ W4369i/ | ||
| 100 |
_95851 _aWeissberg, G |
||
| 245 |
_aThe Institutional States of the United Nation/ _bG. Weissberg |
||
| 260 |
_aNew York _bManhattan Publishing Company |
||
| 300 |
_a[xi], 589p. : _bill. ; 22 cm. |
||
| 500 | _aIncludes Index. | ||
| 526 | _aLaw | ||
| 650 | 0 |
_926 _aLaw |
|
| 856 |
_k0 _l0 _yDownload |
||
| 942 |
_2ddc _cBK |
||
| 999 |
_c7337 _d7337 |
||